[Event "Stuttgart-chB int"]
[Site "Ditzingen"]
[Date "2010.05.14"]
[Round "4"]
[White "Hennig, Jan"]
[Black "Helmbrecht, Kurt"]
[Result "1/2-1/2"]
[WhiteElo "1783"]
[BlackElo "1627"]
[PlyCount "39"]
[EventDate "2010.05.13"]
[EventType "swiss"]
[EventRounds "7"]
[EventCountry "GER"]
[SourceTitle "EXT 2018"]
[Source "ChessBase"]
[SourceDate "2017.10.13"]
[SourceVersion "1"]
[SourceVersionDate "2017.10.13"]
[SourceQuality "1"]

1. c4 c5 2. Nc3 g6 3. Nf3 Bg7 4. g3 Nc6 5. Bg2 Nf6 6. d3 d6 7. Rb1 Rb8 8. a3 0-0 9. 0-0 Bg4 10. b4 Nd7 11. Bd2 cxb4 12. axb4 Nde5 13. Nxe5 Nxe5 14. h3 Bf5 15. Be3 Nxd3 16. exd3 Bxc3 17. Bxa7 Ra8 18. Be3 Bg7 19. Kh2 Qd7 20. Qd2 1/2-1/2

[Event "Stuttgart-chB int"]
[Site "Ditzingen"]
[Date "2009.05.23"]
[Round "6"]
[White "Helmbrecht, Kurt"]
[Black "Wolf, Adam"]
[Result "1/2-1/2"]
[WhiteElo "1657"]
[BlackElo "1582"]
[PlyCount "40"]
[EventDate "2009.05.21"]
[EventType "swiss"]
[EventRounds "7"]
[EventCountry "GER"]
[SourceTitle "EXT 2018"]
[Source "ChessBase"]
[SourceDate "2017.10.13"]
[SourceVersion "1"]
[SourceVersionDate "2017.10.13"]
[SourceQuality "1"]

1. e4 d6 2. d4 Nf6 3. Nc3 g6 4. h3 Bg7 5. Bc4 e6 6. Nf3 0-0 7. 0-0 c5 8. dxc5 dxc5 9. Qxd8 Rxd8 10. Bg5 h6 11. Bh4 g5 12. Bg3 Nc6 13. Rfd1 Nd4 14. Kf1 b6 15. Rd2 Bb7 16. Rad1 Nxe4 17. Nxe4 Bxe4 18. c3 Nc6 19. Rxd8+ Rxd8 20. Rxd8+ Nxd8 1/2-1/2

[Event "Stuttgart-chB int"]
[Site "Ditzingen"]
[Date "2009.05.22"]
[Round "4"]
[White "Helmbrecht, Kurt"]
[Black "Aubel, Stefan"]
[Result "0-1"]
[WhiteElo "1657"]
[BlackElo "1591"]
[PlyCount "90"]
[EventDate "2009.05.21"]
[EventType "swiss"]
[EventRounds "7"]
[EventCountry "GER"]
[SourceTitle "EXT 2018"]
[Source "ChessBase"]
[SourceDate "2017.10.13"]
[SourceVersion "1"]
[SourceVersionDate "2017.10.13"]
[SourceQuality "1"]

1. e4 c5 2. Nf3 Nc6 3. d4 cxd4 4. Nxd4 Nf6 5. Nc3 d6 6. Be2 g6 7. Nxc6 bxc6 8. 0-0 Bg7 9. Bf3 Bb7 10. Bg5 0-0 11. Qd2 Nd7 12. Bh6 Ne5 13. Be2 Rb8 14. Be3 a5 15. Rab1 c5 16. f3 Nc6 17. Kh1 Nd4 18. Bxd4 Bxd4 19. Nb5 Be5 20. c4 f5 21. exf5 Rxf5 22. f4 Bg7 23. Bf3 Bxf3 24. Rxf3 d5 25. Qe2 d4 26. b3 e5 27. fxe5 Rxe5 28. Qf2 Qe7 29. Rf1 Rf8 30. Rxf8+ Qxf8 31. Qxf8+ Bxf8 32. g3 Re2 33. a4 Bg7 34. Rf3 Be5 35. Kg1 Kg7 36. Na7 Rd2 37. Nc6 Bc7 38. Ne7 d3 39. Nd5 Be5 40. h3 Bd4+ 41. Kh1 Rd1+ 42. Kh2 d2 43. Rd3 Kf7 44. h4 Ke6 45. Ne3 Re1 0-1